Normal view
MARC view
Entry Personal Name
001 - CONTROL NUMBER
- control field: 25402
003 - CONTROL NUMBER IDENTIFIER
- control field: dpl
005 - DATE AND TIME OF LATEST TRANSACTION
- control field: 20110119170212.0
008 - FIXED-LENGTH DATA ELEMENTS
- fixed length control field: 110119|||a|||||| | ||| d
040 ## - CATALOGING SOURCE
- Original cataloging agency: dpl
- Transcribing agency: dpl
100 ## - HEADING--PERSONAL NAME
- Personal name: Sterman ,John D.
670 ## - SOURCE DATA FOUND
- Source citation: Work cat.: (dpl): Sterman ,John D., Business dynamics :, 2010
670 ## - SOURCE DATA FOUND
- Source citation: Work cat.: (dpl): Sterman ,John D., Business dynamics :, 2010
